Calciatore dell'anno AFC - Statistics

Statistiche generali
  • Questo quiz è stato fatto 2 volte
  • Il punteggio medio è 3 su 27
Statistiche sulle risposte
Edizione Nazione Squadra Calciatore % Corretto
1997 Giappone Bellmare Hiratsuka Hidetoshi Nakata
100%
1998 Giappone Perugia Hidetoshi Nakata
100%
1994 Arabia Saudita Al-Shabab Saeed Al-Owairan
50%
2009 Giappone Gamba Osaka Yasuhito Endō
50%
2018 Qatar Al-Sadd Abdelkarim Hassan
0%
2015 Emirati Arabi Uniti Al-Ahli Club Ahmed Khalil
0%
2019 Qatar Al-Sadd Akram Afif
0%
1999 Iran Hertha Berlino Ali Daei
0%
2004 Iran Al-Ahli Ali Karimi
0%
2001 Cina Dundee Fan Zhiyi
0%
2005 Arabia Saudita Al-Ittihad Hamad Al-Montashari
0%
2006 Qatar Al-Sadd Khalfan Ibrahim
0%
1996 Iran Bahman Khodadad Azizi
0%
2012 Corea del Sud Ulsan Hyundai Lee Keun-ho[1]
0%
1995 Giappone Marinos Masami Ihara
0%
2003 Iran Amburgo Mehdi Mahdavikia
0%
2014 Arabia Saudita Al-Hilal Nasser Al-Shamrani
0%
2000 Arabia Saudita Al-Hilal Nawaf Al-Temyat
0%
2016 Emirati Arabi Uniti Al Ain FC Omar Abdulrahman
0%
2017 Siria Al-Hilal Omar Kharbin
0%
2022 Saudita Arabia Saudita Al-Hilal Salem Al-Dawsari
0%
2010 Australia Seongnam Ilhwa Chunma Saša Ognenovski
0%
2008 Uzbekistan Bunyodkor Server Džeparov
0%
2011 Uzbekistan Al-Shabab Server Džeparov
0%
2002 Giappone Feyenoord Shinji Ono
0%
2007 Arabia Saudita Al-Hilal Yasser Al-Qahtani
0%
2013 Cina Guangzhou Evergrande Zheng Zhi[2]
0%
Nessun quiz corrispondente trovato
Distribuzione punteggi
Percentuale di utenti per punteggio
Percentile per numero di risposta
I tuoi punteggi nel tempo
Non hai fatto questo quiz